| 000 | 00430cam a2200157ua 4500 | ||
|---|---|---|---|
| 041 |
_aeng _h |
||
| 082 |
_a613 _bGHO/TR |
||
| 100 | _aGhosh, Birendranath . | ||
| 245 |
_aTreatise on Hygiene and public health / _cBirendranath Ghosh. _hTextual Documents |
||
| 260 |
_aCalcutta : _bScientific publishing co. , _c1959. |
||
| 300 | _a939 ; . | ||
| 504 | _a | ||
| 700 | 1 | _aGhosh, Rabindranath . | |
| 942 | _cBK | ||
| 999 |
_c1273 _d1273 |
||